| 000 | 00000nam##2200000za#4500 |
| 001 | 9.577703 |
| 003 | CaOODSP |
| 005 | 20210624185734 |
| 007 | cr ||||||||||| |
| 008 | 150406|2007||||xxc|||||o f|0| 0 eng|d |
| 040 | |aCaOODSP|beng |
| 043 | |an-cn--- |
| 086 | 1 |aEn49-7/1-37E-PDF |
| 110 | 1 |aCanada.|bEnvironment Canada. |bEnvironmental Technology Centre. |
| 245 | 10|aBiological test method - test for measuring the inhibition of growth using the freshwater macrophyte Lemna minor / |h[electronic resource]|c[published by the] Method Development and Applications Unit. |
| 250 | |aSecond edition |
| 260 | |aOttawa - Ontario : |bEnvironment Canada. |cJanuary 2007. |
| 300 | |a141p.|bglossary, references, tables, photographs |
| 490 | 1 |aEnvironmental Protection series. [Reference methods]|vEPS 1/RM/37 |
| 500 | |aThe catalogue number (En49-7/1-37E) and ISBN (0-662-43340-8) for the print edition have been incorrectly copied in this electronic publication. |
| 546 | |a(Résumé en français). |
| 590 | |a14-01-Supp|b2014-01-07 |
| 775 | 08|tMéthode d'essai biologique - essai de mesure de l'inhibition de la croissance de la plante macroscopique dulcicole Lemna minor / |w(CaOODSP)9.606210 |
| 830 | #0|aEnvironmental Protection series. [Reference methods]|vEPS 1/RM/37|w(CaOODSP)9.504905 |
| 856 | 40|ahttp://publications.gc.ca|qPDF|s1.64 MB|uhttps://publications.gc.ca/collections/collection_2013/ec/En49-7-1-37-eng.pdf|yEPS 1/RM/37 |